000
00202 a2200097 4500
020
_a
0312090668
041
_a
spa
100
_a
J. JOAQUIN FRAXEDAS
245
_a
LA TRAVESIA SOLITARIA DE J.G
942
_c
BK
999
_c
4091
_d
4091